Statistiques concernant Trouve les paroles - Dernière Danse - Kyo

Cliquez ici pour prendre le quiz!

Statistiques générales

  • Ce quiz a été pris 253 fois
  • Le résultat moyen est 204 sur 236

Statistiques - réponses

Réponse% Correct
de
100%
a
99%
je
99%
Je
99%
dans
98%
Dans
98%
dernière
98%
Un
98%
un
98%
veux
98%
danse
97%
et
97%
Et
97%
juste
97%
une
97%
le
96%
Le
96%
j'ai
95%
J'ai
95%
la
95%
La
95%
par
95%
silence
95%
l'indifférence
94%
l'ombre
94%
son
94%
corps
93%
parcouru
93%
puis
93%
se
93%
visage
93%
Avant
92%
en
92%
ses
92%
Elle
91%
fois
91%
long
91%
cent
90%
longtemps
89%
ma
89%
Effleuré
88%
fait
88%
les
88%
moi
88%
que
88%
partie
87%
essuyant
86%
larmes
86%
coeur
85%
même
85%
vertige
85%
encore
84%
l'or
84%
formes
83%
trouvé
83%
Qui
82%
qui
82%
pas
81%
appris
80%
c'est
80%
C'est
80%
dessine
80%
peau
80%
qu'elle
80%
Au
79%
bien
79%
mais
79%
Mais
79%
mal
79%
Parfois
79%
plus
79%
pureté
79%
quelques
79%
faute
78%
Il
78%
il
78%
on
78%
pour
78%
trop
77%
est
76%
étoiles
76%
vie
75%
voyage
75%
mon
74%
prépare
74%
seul
74%
douleur
73%
peut
73%
regard
73%
d'avoir
72%
flèche
72%
homme
72%
Merci
72%
tard
72%
traversé
72%
apercevoir
71%
l'ai
71%
déjà
70%
ne
70%
rien
70%
sans
70%
ça
69%
tôt
69%
dire
68%
mains
68%
enchanté
67%
partir
67%
garde
66%
âme
65%
connais
65%
connue
65%
respire
63%
vue
63%
fallait
62%
l'histoire
62%
seulement
62%
change
61%
bonheur
60%
reçu
60%
ancré
58%
peux
55%
demain
53%
mourir
51%

Distribution des résultats

Percentile par nombre de réponses

% des personnes avec chaque résultat

Votre développement - résultats

Vous n’avez pas pris ce quiz